| 000 | 01824nam a2200481 i 4500 | ||
|---|---|---|---|
| 001 | 791 | ||
| 003 | KOSZ 005 | ||
| 005 | 20211220151851.0 | ||
| 008 | 990421s1977 pl a f f |000 0 pol | ||
| 015 | _aPB 1983/7365 | ||
| 040 |
_aWA N _cWA N _dKOSZ 005/HR |
||
| 041 | 0 | _apol | |
| 046 | _k1977 | ||
| 080 | _a621.56/.59 | ||
| 080 | _a(083) | ||
| 080 | _a(075.8) | ||
| 100 | 1 |
_aCzapp, Marian _eAutor |
|
| 245 | 1 | 0 |
_aMateriały do projektowania urządzeń chłodniczych dla studentów. _nCz. 1, _pMateriały podstawowe / _cM. Czapp, H. Charun. |
| 260 |
_aKoszalin : _bWydaw. Uczelniane WSI, _c1977. |
||
| 300 |
_a236 s. : _bmapy, wykr. ; _c24 cm. |
||
| 336 |
_2rdacontent _aTekst _btxt |
||
| 337 |
_2rdamedia _aBez urządzenia pośredniczącego _bn |
||
| 338 |
_2rdacarrier _aWolumin _bnc |
||
| 380 | _aKsiążki | ||
| 380 | _aPublikacje dydaktyczne | ||
| 385 |
_mPoziom nauczania _aSzkoły wyższe |
||
| 388 | _a1901-2000 | ||
| 388 | _a1945-1989 | ||
| 490 | 1 |
_aSkrypty / Wyższa Szkoła Inżynierska w Koszalinie ; _v5(11) |
|
| 504 | _aBibliogr. s. 229-235, wykaz norm s. 235. | ||
| 650 | 4 | _aChłodnictwo | |
| 650 | 4 | _aUrządzenia chłodnicze | |
| 650 | 4 | _aProjektowanie | |
| 655 | 4 | _aPodręczniki akademickie | |
| 655 | 4 | _aTablice i wzory | |
| 658 | _aInżynieria i technika | ||
| 710 | 2 |
_aWydawnictwo Uczelniane (Wyższa Szkoła Inżynierska ; Koszalin) _4pbl. |
|
| 700 | 1 |
_aCharun, Henryk _d(1946-2021) _eAutor |
|
| 830 | 0 |
_aSkrypty - Wyższa Szkoła Inżynierska w Koszalinie ; _v5(11) |
|
| 856 |
_uhttp://dlibra.tu.koszalin.pl/dlibra/docmetadata?id=364&from=&dirids=1&ver_id=&lp=1&QI= _yBiblioteka Cyfrowa |
||
| 856 |
_uhttp://koha.tu.koszalin.pl/cgi-bin/koha/opac-detail.pl?biblionumber=791 _yKatalog online BPK |
||
| 942 |
_2UKD _cKS |
||
| 999 |
_c791 _d791 |
||